[Event "OLSW 2324 SVG Saarbrücken - SK Landau"]
[Site "?"]
[Date "2024.03.17"]
[Round "8.8"]
[White "Spektorov, Leonid"]
[Black "Hirschinger, Thomas"]
[Result "0-1"]
[WhiteElo "1888"]
[BlackElo "1973"]
[PlyCount "64"]
[EventDate "2024.??.??"]

1. d4 Nf6 2. Nf3 e6 3. c4 b6 4. Nc3 Bb7 5. Qc2 Bb4 6. Bg5 h6 7. Bh4 g5 8. Bg3 Ne4 9. Nd2 Nxd2 10. Qxd2 d6 11. a3 Bxc3 12. Qxc3 Nd7 13. O-O-O Qe7 14. f3 f5 15. e3 O-O-O 16. Bd3 Rde8 17. Kb1 Rhf8 18. Rhe1 Kb8 19. Rc1 e5 20. b4 e4 21. fxe4 Bxe4 22. c5 dxc5 23. bxc5 bxc5 24. Bxe4 Qxe4+ 25. Ka1 Qc6 26. Rb1+ Ka8 27. dxc5 Nf6 28. Qa5 Nd5 29. Rb3 Rb8 30. Rxb8+ Rxb8 31. Rb1 Qf6+ 32. Ka2 Nc3+ 0-1

[Event "OLSW 2324 SK Frankenthal - Turm Illingen"]
[Site "Frankenthal"]
[Date "2024.03.17"]
[Round "8.1"]
[White "Mayer, Frank"]
[Black "Syrov, Arkadi"]
[Result "1-0"]
[WhiteElo "2264"]
[BlackElo "2221"]
[PlyCount "91"]
[EventDate "2024.??.??"]

1. c4 e5 2. Nc3 Bb4 3. e4 Bxc3 4. dxc3 d6 5. Nf3 f6 6. Nh4 Qd7 7. Nf5 Na6 8. b4 Qf7 9. Be2 Ne7 10. Ne3 O-O 11. O-O Be6 12. Bh5 Ng6 13. Qe2 Qd7 14. g3 Ne7 15. Rd1 Rad8 16. a4 Nb8 17. a5 c6 18. Ba3 Qc7 19. Bg4 Bxg4 20. Qxg4 f5 21. exf5 Qc8 22. b5 Rf6 23. Rd3 c5 24. Rad1 b6 25. a6 Kf8 26. Qe4 Nxf5 27. Nxf5 Qxf5 28. Qxf5 Rxf5 29. Rxd6 Re8 30. Bc1 h6 31. Be3 Rf7 32. R1d5 Rfe7 33. Kg2 Re6 34. Rxe6 Rxe6 35. f4 Ke7 36. f5 Rd6 37. Rxe5+ Kf6 38. Re8 Nd7 39. Ra8 Rd3 40. Rxa7 Ne5 41. Rb7 Nxc4 42. a7 Nxe3+ 43. Kh3 Rd8 44. Rb8 Rd2 45. a8=Q Kg5 46. Qf3 1-0

[Event "OLSW 2324 SK Frankenthal - Turm Illingen"]
[Site "Frankenthal"]
[Date "2024.03.17"]
[Round "8.2"]
[White "Tresch, Lukas"]
[Black "Hoppstaedter, Daniel"]
[Result "0-1"]
[WhiteElo "2042"]
[BlackElo "2123"]
[PlyCount "100"]
[EventDate "2024.??.??"]

1. e4 c6 2. Nc3 d5 3. Nf3 dxe4 4. Nxe4 Nf6 5. Nxf6+ exf6 6. d4 Bd6 7. Bd3 O-O 8. O-O Bg4 9. h3 Bh5 10. c4 c5 11. d5 Nd7 12. b3 Ne5 13. Be2 Nxf3+ 14. Bxf3 Be5 15. Bxh5 Bxa1 16. Be3 Be5 17. Bxc5 Bd6 18. Be3 Qe7 19. Bf3 b6 20. Qd3 Rfe8 21. Rd1 Qe5 22. g3 Qb2 23. Bd4 Qa3 24. Qd2 Re7 25. Kg2 Rb8 26. Rc1 a5 27. h4 Rc7 28. Bd1 Re7 29. Bb2 Qc5 30. Bd4 Qc8 31. h5 Qf5 32. Bc2 Qg5 33. Be3 Qg4 34. Qd3 g6 35. hxg6 fxg6 36. Rh1 Qd7 37. Bd4 Be5 38. Be3 Qc7 39. Rh4 Rbe8 40. Rg4 Kh8 41. Bf4 f5 42. Rh4 Bxf4 43. Rxf4 Qd6 44. Qd4+ Kg8 45. Bd3 Re5 46. Rh4 Re1 47. Rf4 Rd1 48. Qc3 g5 49. Rxf5 Qh6 50. Kf3 Qh5+ 0-1

[Event "OLSW 2324 SK Frankenthal - Turm Illingen"]
[Site "Frankenthal"]
[Date "2024.03.17"]
[Round "8.3"]
[White "Feidt, Jonas"]
[Black "Huseynov, Ahad"]
[Result "0-1"]
[WhiteElo "1971"]
[BlackElo "2122"]
[PlyCount "60"]
[EventDate "2024.??.??"]

1. c4 Nf6 2. g3 e6 3. Bg2 d5 4. Nf3 Be7 5. d4 O-O 6. Nc3 c5 7. cxd5 exd5 8. O-O h6 9. dxc5 Bxc5 10. a3 a6 11. b4 Ba7 12. Bb2 Nc6 13. Rc1 Re8 14. Na4 Qe7 15. e3 Bg4 16. Qd3 Qe4 17. Qxe4 Nxe4 18. Rfe1 Rad8 19. Nd4 Ne5 20. f3 Bxd4 21. fxe4 Bxb2 22. Nxb2 dxe4 23. Bxe4 Bf3 24. Bb1 Rd2 25. Rc2 Red8 26. Rec1 Bc6 27. h3 Nf3+ 28. Kf1 Bb5+ 29. Nc4 Rxc2 30. Rxc2 Bxc4+ 0-1

[Event "OLSW 2324 SK Frankenthal - Turm Illingen"]
[Site "Frankenthal"]
[Date "2024.03.17"]
[Round "8.4"]
[White "Syska, Albert"]
[Black "Klein, Joachim"]
[Result "1-0"]
[WhiteElo "2144"]
[BlackElo "2188"]
[PlyCount "85"]
[EventDate "2024.??.??"]

1. e4 c5 2. Nf3 Nc6 3. d4 cxd4 4. Nxd4 e5 5. Nb5 d6 6. c4 g6 7. N1c3 a6 8. Na3 Nf6 9. Nc2 Bg7 10. Be2 O-O 11. Bg5 h6 12. Be3 Be6 13. Qd2 Kh7 14. Rd1 Ne8 15. O-O Rc8 16. g3 f5 17. exf5 gxf5 18. f4 Qf6 19. Nd5 Qf7 20. b3 Rd8 21. Bb6 Rd7 22. Bf3 Rg8 23. Kh1 e4 24. Bg2 Nf6 25. Nce3 h5 26. Nxf6+ Qxf6 27. Qe2 Qh6 28. Bh3 Ne7 29. Qf2 Qg6 30. Bd4 d5 31. Bxg7 Rxg7 32. cxd5 Nxd5 33. Bxf5 Bxf5 34. Rxd5 Rxd5 35. Nxd5 h4 36. g4 Bxg4 37. Qxh4+ Kg8 38. Qd8+ Kh7 39. Nf6+ Qxf6 40. Qxf6 e3 41. Qh4+ Kg8 42. Qd8+ Kh7 43. Qd3+ 1-0

[Event "OLSW 2324 SK Frankenthal - Turm Illingen"]
[Site "Frankenthal"]
[Date "2024.03.17"]
[Round "8.5"]
[White "Biehler, Thomas"]
[Black "Geyer, Bernhard"]
[Result "0-1"]
[WhiteElo "2217"]
[BlackElo "2119"]
[PlyCount "88"]
[EventDate "2024.??.??"]

1. d4 Nf6 2. Nf3 g6 3. c4 Bg7 4. Nc3 O-O 5. e4 d6 6. Be2 Nbd7 7. O-O e5 8. d5 Nc5 9. Nd2 a5 10. Rb1 Ne8 11. b3 f5 12. f3 Nf6 13. a3 Nh5 14. b4 axb4 15. axb4 Na6 16. c5 dxc5 17. Bxa6 Rxa6 18. bxc5 Nf4 19. Nc4 g5 20. g3 Nh3+ 21. Kg2 Rh6 22. exf5 Rxf5 23. Ne4 Rf8 24. Rb2 Rg6 25. Ne3 h5 26. Kh1 b6 27. c6 Ba6 28. Re1 Bh6 29. Ra2 Bc8 30. Ra8 g4 31. fxg4 Bxe3 32. Rxc8 Qxc8 33. gxh5 Rg4 34. Bxe3 Rxe4 35. d6 Qe6 36. Kg2 cxd6 37. c7 b5 38. Qd3 d5 39. Rc1 Rc4 40. h6 Rxc1 41. h7+ Kh8 42. Bxc1 Rf2+ 43. Kh1 Qc6 44. c8=R+ Qxc8 0-1

[Event "OLSW 2324 SK Frankenthal - Turm Illingen"]
[Site "Frankenthal"]
[Date "2024.03.17"]
[Round "8.6"]
[White "Muths, Lukas"]
[Black "Giese, Tilman"]
[Result "0-1"]
[WhiteElo "1940"]
[BlackElo "1987"]
[PlyCount "96"]
[EventDate "2024.??.??"]

1. Nf3 c5 2. b3 Nf6 3. Bb2 e6 4. e3 Be7 5. Be2 Nc6 6. O-O O-O 7. d3 d5 8. Nbd2 Qc7 9. Re1 e5 10. e4 d4 11. a4 g6 12. Nc4 Be6 13. Ng5 Bd7 14. Qd2 Kg7 15. Bc1 h6 16. Nf3 Rh8 17. h3 Nh5 18. Nh2 Nf4 19. Bg4 f5 20. exf5 gxf5 21. Bf3 Bf6 22. Qd1 Ng6 23. g4 f4 24. Be4 Nh4 25. Nf3 Rae8 26. Nxh4 Bxh4 27. Bd2 h5 28. gxh5 Kf6 29. Qf3 Reg8+ 30. Kh2 Bg3+ 31. Kg2 Rg5 32. Rh1 Rhxh5 33. Rag1 Qc8 34. fxg3 Rxg3+ 35. Qxg3 fxg3 36. Rf1+ Kg7 37. Rf7+ Kg8 38. Bd5 Be6 39. Bxe6 Qxe6 40. Rf3 e4 41. Rxg3+ Kh7 42. Rg1 e3 43. Be1 Ne7 44. Kh2 Ng6 45. b4 Nf4 46. Rg7+ Kh6 47. R1g4 Rxh3+ 48. Kg1 Qc6 0-1

[Event "OLSW 2324 SK Frankenthal - Turm Illingen"]
[Site "Frankenthal"]
[Date "2024.03.17"]
[Round "8.7"]
[White "Kuhn, Patrick"]
[Black "Kargoll, Peter"]
[Result "1/2-1/2"]
[WhiteElo "2080"]
[BlackElo "2110"]
[PlyCount "102"]
[EventDate "2024.??.??"]

1. d4 d5 2. c4 e6 3. Nc3 Nf6 4. cxd5 exd5 5. Bg5 Be7 6. e3 O-O 7. Bd3 h6 8. Bh4 Bg4 9. f3 Be6 10. Bf2 c5 11. Nge2 Nc6 12. g4 Re8 13. h4 Bxg4 14. Nf4 Bc8 15. dxc5 Bxc5 16. Nfxd5 Nxd5 17. Nxd5 Be6 18. Nc3 Qe7 19. Qd2 a6 20. O-O-O Nb4 21. Kb1 Nxd3 22. Qxd3 Red8 23. Qe2 b5 24. e4 Bc4 25. Bxc5 Qxc5 26. Qg2 Rxd1+ 27. Rxd1 Qe5 28. Nd5 Rd8 29. f4 Qd6 30. b3 Bxd5 31. Rxd5 Qe7 32. Rxd8+ Qxd8 33. Qf2 g6 34. e5 Qd3+ 35. Kb2 b4 36. a3 Qc3+ 37. Ka2 a5 38. axb4 axb4 39. Qh2 Qe3 40. Kb2 Kg7 41. Ka2 Qc1 42. Qg3 Qc2+ 43. Ka1 Kh7 44. Qe3 Kg7 45. e6 fxe6 46. Qd4+ Kf7 47. Qxb4 Qf2 48. Qb7+ Kf6 49. Qb8 Qe1+ 50. Ka2 Qd2+ 51. Kb1 Qd1+ 1/2-1/2

[Event "OLSW 2324 SK Frankenthal - Turm Illingen"]
[Site "Frankenthal"]
[Date "2024.03.17"]
[Round "8.8"]
[White "Morgenthaler, Nick"]
[Black "Windmueller, Simon"]
[Result "1/2-1/2"]
[WhiteElo "1915"]
[BlackElo "2025"]
[PlyCount "86"]
[EventDate "2024.??.??"]

1. d4 e6 2. c4 d5 3. Nf3 a6 4. a4 c6 5. Qb3 Nf6 6. Bg5 Be7 7. Bxf6 Bxf6 8. Nc3 O-O 9. e3 Nd7 10. cxd5 exd5 11. Bd3 Re8 12. O-O a5 13. e4 dxe4 14. Nxe4 Nf8 15. Nxf6+ Qxf6 16. h3 Be6 17. Bc4 Bxc4 18. Qxc4 Rad8 19. Rfe1 Re6 20. Re5 Rxe5 21. dxe5 Qe6 22. Qc5 Rd5 23. Qb6 Qc8 24. Rc1 Nd7 25. Qb3 Nc5 26. Qc2 h6 27. Rd1 Qd7 28. Rxd5 Qxd5 29. Qf5 Ne6 30. Qc2 g6 31. Qc1 Kg7 32. Qc2 Nf4 33. Kh2 Qd3 34. Qc1 g5 35. h4 Ne2 36. Qe1 Qc4 37. hxg5 hxg5 38. Nxg5 Qf4+ 39. g3 Qxe5 40. Nf3 Qh5+ 41. Nh4 b6 42. Qd2 Qe5 43. Nf3 Qe4 1/2-1/2

[Event "OLSW 2324 SK Frankenthal - SV Koblenz II"]
[Site "?"]
[Date "2024.04.28"]
[Round "9.1"]
[White "Polster, Wolfgang"]
[Black "Syrov, Arkadi"]
[Result "0-1"]
[WhiteElo "2159"]
[BlackElo "2212"]
[PlyCount "64"]
[EventDate "2024.??.??"]

1. e4 e5 2. Nf3 Nc6 3. c3 d5 4. Qa4 f6 5. Bb5 Nge7 6. exd5 Qxd5 7. O-O Bd7 8. d4 e4 9. Nfd2 O-O-O 10. Re1 f5 11. Nb3 a6 12. c4 Qd6 13. Nc5 Nb8 14. Bxd7+ Nxd7 15. Nxd7 Qxd7 16. Qxd7+ Rxd7 17. Be3 Nc6 18. Rd1 Bc5 19. d5 Bxe3 20. fxe3 Ne5 21. Na3 Rhd8 22. Rf1 g6 23. h3 h5 24. b3 c6 25. dxc6 bxc6 26. Nc2 c5 27. Ne1 Rd2 28. Kh2 h4 29. Rf4 Rd1 30. Rxd1 Rxd1 31. Nc2 Rd2 32. Ne1 Re2 0-1

[Event "OLSW 2324 SK Frankenthal - SV Koblenz II"]
[Site "?"]
[Date "2024.04.28"]
[Round "9.2"]
[White "Huseynov, Ahad"]
[Black "Berresheim, Helmut"]
[Result "1/2-1/2"]
[WhiteElo "2128"]
[BlackElo "2031"]
[PlyCount "138"]
[EventDate "2024.??.??"]

1. e4 c5 2. Nf3 a6 3. c4 Nc6 4. d4 cxd4 5. Nxd4 e5 6. Nc2 Nf6 7. Nc3 Bc5 8. Be3 d6 9. Be2 Be6 10. O-O O-O 11. Qd2 Rc8 12. Rfd1 h6 13. f3 Qb6 14. Na4 Bxe3+ 15. Qxe3 Qxe3+ 16. Nxe3 Nd4 17. Bd3 Rc6 18. Nc3 Rfc8 19. Kf2 Nd7 20. Rd2 Nb6 21. b3 Nd7 22. Ne2 Nxe2 23. Bxe2 Nf6 24. Rad1 Ne8 25. g3 g6 26. f4 f5 27. Bf3 R6c7 28. exf5 gxf5 29. Nd5 Rg7 30. Nb6 Rb8 31. fxe5 dxe5 32. Rd8 Rxd8 33. Rxd8 Kf8 34. Bh5 Bf7 35. Bxf7 Kxf7 36. Rb8 Nd6 37. Ke3 Ke6 38. c5 Ne4 39. b4 Nc3 40. Re8+ Re7 41. Rh8 Nd5+ 42. Nxd5 Kxd5 43. Rxh6 Kc4 44. Rb6 Rh7 45. h4 Rg7 46. Kf3 e4+ 47. Kf4 Re7 48. Ke3 Rg7 49. Kf2 Rf7 50. h5 Kd3 51. Rd6+ Kc3 52. c6 bxc6 53. Rxc6+ Kxb4 54. Rxa6 f4 55. gxf4 Rxf4+ 56. Ke3 Rh4 57. h6 Kc4 58. Kf2 Kd4 59. a4 e3+ 60. Kf3 Rh3+ 61. Kg4 Rh1 62. Re6 e2 63. Rxe2 Rxh6 64. Kf5 Ra6 65. Re4+ Kd5 66. Re5+ Kc4 67. a5 Kb4 68. Ke4 Rxa5 69. Rxa5 Kxa5 1/2-1/2

[Event "OLSW 2324 SK Frankenthal - SV Koblenz II"]
[Site "?"]
[Date "2024.04.28"]
[Round "9.3"]
[White "Eschke, Lars"]
[Black "Syska, Albert"]
[Result "0-1"]
[WhiteElo "2132"]
[BlackElo "2155"]
[PlyCount "62"]
[EventDate "2024.??.??"]

1. d4 Nf6 2. Bg5 c6 3. c3 Qb6 4. Qc2 d5 5. Nd2 Nbd7 6. Ngf3 e6 7. e3 Bd6 8. Bd3 h6 9. Bf4 Qc7 10. Bxd6 Qxd6 11. O-O-O e5 12. e4 O-O 13. exd5 exd4 14. dxc6 Nc5 15. Nxd4 bxc6 16. N2b3 Nxd3+ 17. Qxd3 c5 18. Qf3 Bg4 19. Nc2 Qb6 20. Qf4 Bxd1 21. Rxd1 Rad8 22. Ne3 Rxd1+ 23. Kxd1 Rd8+ 24. Kc2 Qa6 25. Nxc5 Qe2+ 26. Kb3 Rd2 27. Nc4 Rd5 28. Na4 Rb5+ 29. Ka3 Nd5 30. Qd4 Qe7+ 31. b4 Nxb4 0-1

[Event "OLSW 2324 SK Frankenthal - SV Koblenz II"]
[Site "?"]
[Date "2024.04.28"]
[Round "9.4"]
[White "Halabi, Ibrahim"]
[Black "Bohn, Ulrich"]
[Result "0-1"]
[WhiteElo "1994"]
[BlackElo "2143"]
[PlyCount "96"]
[EventDate "2024.??.??"]

1. e4 g6 2. d4 Bg7 3. Nc3 d6 4. f4 Nf6 5. Nf3 O-O 6. e5 Nfd7 7. Bc4 c5 8. exd6 cxd4 9. dxe7 Qxe7+ 10. Ne2 Qb4+ 11. Nd2 d3 12. cxd3 Nb6 13. O-O Nc6 14. a3 Qe7 15. Nc3 Bf5 16. Re1 Qc5+ 17. Kh1 Nxc4 18. Nxc4 Rfe8 19. Be3 Qe7 20. g4 Be6 21. Bf2 Qd7 22. h3 Rad8 23. Ne5 Nxe5 24. fxe5 Qxd3 25. Qxd3 Rxd3 26. Kg2 h5 27. gxh5 Bxh3+ 28. Kg1 gxh5 29. Bxa7 Rxe5 30. Rxe5 Bxe5 31. Re1 Rg3+ 32. Kf2 f6 33. Na4 Bd7 34. Nc5 Bc6 35. Ne4 Rh3 36. b4 Rxa3 37. Bc5 Rb3 38. Rg1+ Kf7 39. Nd6+ Ke6 40. Re1 Rb2+ 41. Kg1 Rg2+ 42. Kf1 Rh2 43. Re3 h4 44. Ne4 Rc2 45. Nf2 Kf5 46. Ra3 Bg3 47. Nd1 Bb5+ 48. Kg1 Rc1 0-1

[Event "OLSW 2324 SK Frankenthal - SV Koblenz II"]
[Site "?"]
[Date "2024.04.28"]
[Round "9.5"]
[White "Marquardt, Christian"]
[Black "Muths, Lukas"]
[Result "1/2-1/2"]
[WhiteElo "2020"]
[BlackElo "1931"]
[PlyCount "75"]
[EventDate "2024.??.??"]

1. c4 Nf6 2. g3 c6 3. Nf3 d5 4. b3 Bg4 5. Ne5 dxc4 6. Nxc4 b5 7. Ne3 Qd4 8. Nc2 Qe4 9. Rg1 Qe6 10. Bb2 Bh3 11. Nd4 Qd7 12. d3 Bxf1 13. Rxf1 c5 14. Nf3 e6 15. Nbd2 Be7 16. g4 O-O 17. Ne5 Qb7 18. Rg1 Nbd7 19. Ndf3 Nxe5 20. Nxe5 Rac8 21. Rc1 Rfd8 22. Rc2 c4 23. bxc4 bxc4 24. Qc1 Bb4+ 25. Kf1 cxd3 26. Nxd3 Rxc2 27. Qxc2 Ne4 28. f3 Nd2+ 29. Kg2 Rc8 30. Qa4 Be7 31. Rc1 Bf6 32. Qxa7 Qb8 33. Qxb8 Rxb8 34. Bxf6 gxf6 35. Rc2 Nb1 36. Kf2 Ra8 37. Rb2 Nc3 38. Rc2 1/2-1/2

[Event "OLSW 2324 SK Frankenthal - SV Koblenz II"]
[Site "?"]
[Date "2024.04.28"]
[Round "9.6"]
[White "Kargoll, Peter"]
[Black "Thieme-Garmann, Alexander"]
[Result "1/2-1/2"]
[WhiteElo "2109"]
[BlackElo "2013"]
[PlyCount "83"]
[EventDate "2024.??.??"]

1. d4 e6 2. Nf3 f5 3. g3 Nf6 4. Bg2 Be7 5. O-O O-O 6. c4 c6 7. Nc3 d5 8. Rb1 Ne4 9. Nxe4 fxe4 10. Ne1 Bf6 11. Nc2 a5 12. b3 Na6 13. Bb2 Qe8 14. Qd2 Bd8 15. f3 exf3 16. Rxf3 Rxf3 17. Bxf3 Qg6 18. Rf1 Bg5 19. e3 Bd7 20. Ne1 Qh6 21. Ng2 Rf8 22. Qe2 Qg6 23. e4 dxe4 24. Qxe4 Qxe4 25. Bxe4 Rxf1+ 26. Kxf1 Kf7 27. Ke2 g6 28. Ne1 Bf6 29. Nf3 b5 30. Bc1 c5 31. Bb7 Nb4 32. dxc5 bxc4 33. bxc4 Bc6 34. Bxc6 Nxc6 35. Bd2 e5 36. Kd3 Ke6 37. Ke4 h5 38. Ng5+ Bxg5 39. Bxg5 a4 40. Bd2 Nb8 41. Bc3 Nd7 42. c6 1/2-1/2

[Event "OLSW 2324 SK Frankenthal - SV Koblenz II"]
[Site "?"]
[Date "2024.04.28"]
[Round "9.8"]
[White "Kern, Alexander"]
[Black "Marquardt, Jonas"]
[Result "1/2-1/2"]
[WhiteElo "1734"]
[BlackElo "1786"]
[PlyCount "34"]
[EventDate "2024.??.??"]

1. e4 c5 2. Nf3 d6 3. d4 cxd4 4. Nxd4 Nf6 5. Nc3 a6 6. Be2 e5 7. Nb3 Be6 8. O-O Be7 9. Kh1 d5 10. f4 Nxe4 11. Nxe4 dxe4 12. fxe5 Nc6 13. Bf4 O-O 14. Qe1 Bg5 15. Qg3 Bxf4 16. Qxf4 Qc7 17. Qxe4 Qxe5 1/2-1/2

[Event "OLSW 2324 SK Landau - SG Kaiserslautern"]
[Site "?"]
[Date "2024.04.28"]
[Round "9.1"]
[White "Mueller, Elias"]
[Black "Bold, Andre"]
[Result "0-1"]
[WhiteElo "2135"]
[BlackElo "2218"]
[PlyCount "52"]
[EventDate "2024.??.??"]

1. e4 c6 2. d4 d5 3. e5 Bf5 4. Nf3 e6 5. Be2 Ne7 6. Nbd2 h6 7. Nb3 Nd7 8. c3 Qc7 9. O-O g5 10. a4 Bg7 11. h4 f6 12. g3 Be4 13. Nbd2 O-O-O 14. hxg5 fxe5 15. dxe5 Bf5 16. Nb3 Rdg8 17. Nbd4 Nxe5 18. gxh6 Nxf3+ 19. Bxf3 Bxh6 20. Bg2 Bxc1 21. Rxc1 Bg4 22. Qe1 e5 23. Nc2 Nf5 24. f3 Bh3 25. g4 Bxg2 26. Kxg2 e4 0-1

[Event "OLSW 2324 SK Landau - SG Kaiserslautern"]
[Site "?"]
[Date "2024.04.28"]
[Round "9.2"]
[White "Bruch, Jochen"]
[Black "Huschens, Matthias"]
[Result "1/2-1/2"]
[WhiteElo "2191"]
[BlackElo "2086"]
[PlyCount "37"]
[EventDate "2024.??.??"]

1. Nf3 d5 2. g3 Nf6 3. Bg2 e6 4. c4 Be7 5. O-O O-O 6. Qc2 d4 7. d3 c5 8. e3 Nc6 9. exd4 cxd4 10. a3 a5 11. Nbd2 e5 12. Re1 Qc7 13. Rb1 h6 14. b3 Bf5 15. c5 Rfe8 16. Nc4 Bf8 17. Nb6 Rad8 18. Nd2 Na7 19. b4 1/2-1/2

[Event "OLSW 2324 SK Landau - SG Kaiserslautern"]
[Site "?"]
[Date "2024.04.28"]
[Round "9.3"]
[White "Weller, Manuel"]
[Black "Silber, Henning"]
[Result "1/2-1/2"]
[WhiteElo "2247"]
[BlackElo "2282"]
[PlyCount "62"]
[EventDate "2024.??.??"]

1. c4 c6 2. g3 d5 3. Nf3 Nf6 4. Bg2 g6 5. b3 Bg7 6. Bb2 O-O 7. O-O a5 8. Nc3 Ne4 9. Qc2 Nxc3 10. Bxc3 d4 11. Bb2 c5 12. d3 Nc6 13. a3 e5 14. Rab1 f5 15. Bc1 h6 16. Ne1 f4 17. Bd2 Bg4 18. Qd1 Rc8 19. b4 axb4 20. axb4 b6 21. bxc5 bxc5 22. Rb5 Ne7 23. Ba5 Qd6 24. Nf3 fxg3 25. hxg3 e4 26. Nh2 Bd7 27. Rb6 Rc6 28. Qb1 e3 29. f4 g5 30. Rxc6 Nxc6 31. Qb6 gxf4 1/2-1/2

[Event "OLSW 2324 SK Landau - SG Kaiserslautern"]
[Site "?"]
[Date "2024.04.28"]
[Round "9.4"]
[White "Lang, Torsten"]
[Black "Yakovenko, Oleg"]
[Result "1/2-1/2"]
[WhiteElo "2300"]
[BlackElo "2274"]
[PlyCount "25"]
[EventDate "2024.??.??"]

1. d4 Nf6 2. Nf3 e6 3. g3 b5 4. Bg2 Bb7 5. O-O c5 6. c3 cxd4 7. cxd4 Be7 8. Bg5 O-O 9. Qd3 d5 10. Rc1 b4 11. e3 a5 12. Ne5 h6 13. Bxf6 1/2-1/2

[Event "OLSW 2324 SK Landau - SG Kaiserslautern"]
[Site "?"]
[Date "2024.04.28"]
[Round "9.6"]
[White "Lang, Matthias"]
[Black "Sievers, Andy"]
[Result "0-1"]
[WhiteElo "2144"]
[BlackElo "2133"]
[PlyCount "54"]
[EventDate "2024.??.??"]

1. d4 Nf6 2. Nf3 g6 3. c4 Bg7 4. Nc3 d5 5. cxd5 Nxd5 6. e4 Nxc3 7. bxc3 c5 8. Rb1 O-O 9. Be2 cxd4 10. cxd4 Qa5+ 11. Bd2 Qxa2 12. O-O Bg4 13. d5 Na6 14. Be3 Qa3 15. Qc1 Qd6 16. Rxb7 Rfc8 17. Qb1 Nc5 18. Rb4 Bxf3 19. gxf3 Be5 20. h3 Bf4 21. Bd4 e5 22. Be3 Bxe3 23. fxe3 a5 24. Rb6 Qd8 25. f4 exf4 26. Rxf4 Rab8 27. Rff6 Nd7 0-1

[Event "OLSW 2324 SK Landau - SG Kaiserslautern"]
[Site "?"]
[Date "2024.04.28"]
[Round "9.7"]
[White "Roelle, Philipp"]
[Black "Kuhn, Daniel"]
[Result "1/2-1/2"]
[WhiteElo "2132"]
[BlackElo "1970"]
[PlyCount "52"]
[EventDate "2024.??.??"]

1. d4 d5 2. c3 c5 3. dxc5 e6 4. b4 Nf6 5. a3 Be7 6. Nf3 O-O 7. e3 a5 8. Bb2 b6 9. cxb6 Qxb6 10. Nbd2 Nc6 11. Be2 e5 12. O-O Bd6 13. c4 e4 14. Ng5 Be5 15. Bxe5 Nxe5 16. cxd5 Bf5 17. Nb3 axb4 18. axb4 Qxb4 19. Nd4 Bd7 20. Qc2 Rac8 21. Qa2 h6 22. Nh3 Bxh3 23. gxh3 Qd6 24. Rfd1 Qd7 25. Kg2 Rfd8 26. d6 Qxd6 1/2-1/2

[Event "OLSW 2324 SK Landau - SG Kaiserslautern"]
[Site "?"]
[Date "2024.04.28"]
[Round "9.8"]
[White "Groeschel, Karoline"]
[Black "Diesenhof, Michael"]
[Result "1/2-1/2"]
[WhiteElo "1911"]
[BlackElo "2019"]
[PlyCount "191"]
[EventDate "2024.??.??"]

1. e4 c5 2. Nf3 Nc6 3. Bb5 g6 4. Bxc6 dxc6 5. d3 Bg7 6. h3 e5 7. O-O Be6 8. Be3 Qd6 9. Ng5 c4 10. Nxe6 Qxe6 11. Nd2 cxd3 12. cxd3 Ne7 13. Nc4 O-O 14. Qb3 b6 15. a4 Rfd8 16. Rfd1 Rd7 17. Qc3 Rad8 18. b4 f5 19. f3 f4 20. Bf2 g5 21. Nb2 Qd6 22. Kf1 h5 23. a5 b5 24. Qb3+ Kh7 25. Rac1 Qf6 26. Qc2 Qd6 27. d4 exd4 28. Nd3 Qg6 29. Nc5 Rc7 30. Qb3 Rd6 31. Rd3 Be5 32. Rcd1 Qf6 33. Qb2 Ng6 34. Bxd4 Rxd4 35. Rxd4 Rg7 36. Nd7 Qe6 37. Nxe5 Nxe5 38. Qc2 g4 39. hxg4 hxg4 40. Qf2 Qh6 41. Rd6 Qh2 42. Qg1 Qh5 43. fxg4 Nxg4 44. Rd7 Ne3+ 45. Ke1 Nxd1 46. Rxd1 f3 47. Rd2 Qh4+ 48. Kd1 fxg2 49. Rxg2 Rd7+ 50. Rd2 Rg7 51. Qh2 Qxh2 52. Rxh2+ Kg8 53. Kd2 Kf8 54. Rh6 Rc7 55. Rh8+ Kg7 56. Rh5 Kg6 57. Rc5 Kf6 58. Ke3 Ke6 59. Kf4 Rf7+ 60. Ke3 Kd7 61. Rh5 Kd6 62. Rh6+ Kc7 63. Kd4 Rf1 64. Rh7+ Kd6 65. e5+ Ke6 66. Rxa7 Rc1 67. Rh7 Rc4+ 68. Kd3 Kxe5 69. Rh6 Kd5 70. Rh5+ Kd6 71. Rh6+ Kc7 72. Rh7+ Kb8 73. Rh6 Kb7 74. Rh7+ Ka6 75. Rc7 Rxb4 76. Rxc6+ Kxa5 77. Kc3 Rh4 78. Rg6 Rh3+ 79. Kb2 Ka4 80. Rg8 Rh2+ 81. Kb1 b4 82. Rg3 Rf2 83. Rh3 Rf6 84. Kb2 Rd6 85. Rg3 Rd2+ 86. Kb1 b3 87. Rg8 Rd5 88. Ra8+ Kb4 89. Rb8+ Kc4 90. Rc8+ Rc5 91. Rxc5+ Kxc5 92. Kb2 Kb4 93. Kb1 Kb5 94. Kb2 Kc4 95. Kb1 Kc3 96. Kc1 1/2-1/2

[Event "OLSW 2324 SC Caissa Schwarzenbach - Turm"]
[Site "?"]
[Date "2024.04.28"]
[Round "9.1"]
[White "Mayer, Frank"]
[Black "Chassard, Cedric"]
[Result "1/2-1/2"]
[WhiteElo "2273"]
[BlackElo "2254"]
[PlyCount "43"]
[EventDate "2024.??.??"]

1. Nf3 d5 2. g3 Nd7 3. d4 Nb6 4. Nc3 Nf6 5. Bg2 Bf5 6. Nh4 Bg4 7. h3 Bh5 8. g4 Bg6 9. Nxg6 hxg6 10. Qd3 e6 11. e4 dxe4 12. Nxe4 Nxe4 13. Bxe4 c6 14. Be3 Nd5 15. O-O-O Qa5 16. Kb1 O-O-O 17. Bg2 Be7 18. f4 Nxe3 19. Qxe3 Rd7 20. Rd3 Rhd8 21. Rhd1 Bf6 22. c3 1/2-1/2

[Event "OLSW 2324 SC Caissa Schwarzenbach - Turm"]
[Site "?"]
[Date "2024.04.28"]
[Round "9.2"]
[White "Jeschke, Jan"]
[Black "Hoppstaedter, Daniel"]
[Result "0-1"]
[WhiteElo "2146"]
[BlackElo "2139"]
[PlyCount "58"]
[EventDate "2024.??.??"]

1. e4 c6 2. d4 d5 3. e5 Bf5 4. Nf3 e6 5. Be2 Nd7 6. O-O h6 7. Nbd2 Ne7 8. Nb3 g5 9. a4 Bg7 10. h4 g4 11. Ne1 h5 12. g3 f6 13. exf6 Nxf6 14. Nd3 Ne4 15. Ndc5 Nxc5 16. Nxc5 b6 17. Nb3 Ng6 18. a5 O-O 19. Bd3 Nxh4 20. gxh4 Qxh4 21. Bf4 Bxd3 22. Bg3 Qxg3+ 23. fxg3 Rxf1+ 24. Qxf1 Bxf1 25. axb6 Bc4 26. Rxa7 Rb8 27. b7 Bxb3 28. c3 Bf8 29. Ra8 Bd6 0-1

[Event "OLSW 2324 SC Caissa Schwarzenbach - Turm"]
[Site "?"]
[Date "2024.04.28"]
[Round "9.4"]
[White "Gress, Alexander"]
[Black "Klein, Joachim"]
[Result "1/2-1/2"]
[WhiteElo "2091"]
[BlackElo "2177"]
[PlyCount "72"]
[EventDate "2024.??.??"]

1. e4 c5 2. Nf3 e6 3. d4 cxd4 4. Nxd4 Nc6 5. Bf4 Qf6 6. Be3 a6 7. Qd2 Bc5 8. c3 Qe7 9. Bd3 Nf6 10. O-O Ne5 11. b4 Ba7 12. Na3 d5 13. exd5 Nxd3 14. Qxd3 Nxd5 15. Nf5 exf5 16. Bxa7 Rxa7 17. Qxd5 O-O 18. Rfe1 Be6 19. Qxf5 b5 20. Qe5 Qc7 21. Qe3 Raa8 22. Nc2 Rac8 23. Nd4 Rfe8 24. Rac1 Qd7 25. Nxe6 Rxe6 26. Red1 Qe7 27. Qd4 Re4 28. Qd5 h6 29. h3 Rec4 30. Qd6 Qa7 31. Rd3 a5 32. a3 axb4 33. axb4 Qa3 34. Re1 Rxc3 35. Rxc3 Qxc3 36. Re3 Qc4 1/2-1/2

[Event "OLSW 2324 SC Caissa Schwarzenbach - Turm"]
[Site "?"]
[Date "2024.04.28"]
[Round "9.6"]
[White "Scheuermann, Gerhard"]
[Black "Giese, Tilman"]
[Result "1/2-1/2"]
[WhiteElo "2088"]
[BlackElo "1996"]
[PlyCount "136"]
[EventDate "2024.??.??"]

1. e4 c5 2. b3 Nf6 3. e5 Nd5 4. Bb2 e6 5. Nc3 Nxc3 6. Bxc3 Be7 7. Nf3 O-O 8. g3 Nc6 9. Bg2 b6 10. O-O Ba6 11. Re1 Rc8 12. d3 d6 13. exd6 Qxd6 14. Re4 f5 15. Re1 Bf6 16. Bxf6 Rxf6 17. Qd2 e5 18. Rad1 Re8 19. Qc3 Rfe6 20. a4 Nd4 21. Nd2 e4 22. Nc4 Bxc4 23. Qxc4 Kh8 24. dxe4 fxe4 25. c3 Nf3+ 26. Bxf3 exf3 27. Rxd6 Rxe1+ 28. Qf1 g5 29. h3 Kg7 30. Rd7+ Kg6 31. g4 Rxf1+ 32. Kxf1 Re2 33. Rxa7 Rb2 34. Ke1 Rxb3 35. Ra6 h5 36. a5 hxg4 37. hxg4 Rxc3 38. Rxb6+ Kf7 39. Kd2 Ra3 40. a6 c4 41. Rc6 c3+ 42. Rxc3 Rxa6 43. Rxf3+ Kg6 44. Rf5 Ra4 45. f3 Ra3 46. Ke2 Ra2+ 47. Ke3 Ra3+ 48. Kf2 Ra2+ 49. Kg3 Ra3 50. Rd5 Rb3 51. Rd6+ Kg7 52. Kf2 Ra3 53. Ke2 Rb3 54. Rd3 Rb7 55. Ke3 Re7+ 56. Kd4 Kf6 57. Kc5 Re8 58. Rd5 Kg6 59. Rd6+ Kg7 60. Kd4 Re1 61. Rd5 Kf6 62. Rf5+ Kg6 63. Re5 Rd1+ 64. Ke4 Re1+ 65. Kd5 Rf1 66. Re3 Kf6 67. Re6+ Kf7 68. Re5 Kg6 1/2-1/2